000 00392nam a2200181Ia 4500
001 12189
005 20250626030259.0
008 211022s9999 xx 000 0 und d
020 _a0500272522
082 _a751.4 NEW
100 _aNewcomb, Jacky
245 0 _aHow to Paint and Draw
260 _aGerman
260 _bThames and Hudson
260 _c1982
300 _a408
942 _cBK
999 _c9742
_d9742